Stolice stanów USA położone najbliżej Wielkich Jezior - Statystyki

Ogólne statystyki
  • Ten quiz został rozwiązany 7 razy
  • Średni wynik to 4 z 10
Statystyki odpowiedzi
Najbliższe jezioro Stolica Kilometry % Poprawnych
Michigan Springfield 269
71%
Ontario Albany 211
57%
Erie Columbus 142
57%
Michigan Indianapolis 209
57%
Michigan Madison 109
29%
Ontario Montpelier 278
29%
Erie Charleston 340
14%
Erie Harrisburg 311
14%
Huron Lansing 113
14%
Górne Saint Paul 206
14%
Nie znaleziono quizów pasujących do podanych kryteriów
Rozkład punktacji
Procent ludzi z każdym wynikiem
Percentyl według liczby udzielonych odpowiedzi
Twoja historia wyników
Nie rozwiązałeś tego quizu